Nueva pastoral prematrimonial

Tallennettuna:
Bibliografiset tiedot
Päätekijä: Elizari Basterra, Francisco Javier (Tekijä)
Aineistotyyppi: Kirja
Kieli:espanja
Julkaistu: Madrid P.S 1981
Sarja:Evangelización, 61
Aiheet:
Tagit: Lisää tagi
Ei tageja, Lisää ensimmäinen tagi!

MARC

LEADER 00000nam a2200000 a 4500
001 UCV2101
003 CL-VaPUC
008 911017e19810000sp |||||||||||||||||spa|d
082 0 4 |a 248.843  |b ELI  |2 21 
100 0 |a Elizari Basterra, Francisco Javier  |e author  |9 296334 
245 1 0 |a Nueva pastoral prematrimonial 
300 |a 119 p 
942 |c BK 
945 |d 19911017 00:00:00 
260 |a Madrid  |b P.S  |c 1981 
650 7 |a MATRIMONIO E IGLESIA CATOLICA  |2 CL-VaPUC  |9 296335 
650 7 |a ETICA SEXUAL  |2 CL-VaPUC  |9 296336 
583 |a last modification  |c 20171221 01:08:01  |k Rodrigo Vera 
490 0 |a Evangelización, 61 
999 |c 209785  |d 209783 
952 |0 0  |1 0  |4 0  |6 248_843000000000000_ELI_1981  |7 0  |8 A  |9 185532  |a BIBDER  |b BIBDER  |d 2019-11-14  |i 2530139  |o 248.843 ELI 1981  |p 2530139  |r 2023-01-25  |w 2019-11-14  |y BK  |k DER